Daňové a odvodové zaťaženie vybraných podnikov v SR bakalárska práca

Uložené v:
Podrobná bibliografia
Hlavný autor: Parnahaj, Kamil
Korporativný autor: Podnikovohospodárska fakulta EU so sídlom v Košiciach. Katedra účtovníctva a financií
Ďalší autori: Simonidesová, Jana, 1968-
Médium: Kniha
Jazyk:Slovak
Vydavateľské údaje: Košice 2012
Tagy: Pridať tag
Žiadne tagy, Buďte prvý, kto otaguje tento záznam!

MARC

LEADER 00000nbm a2200000 4500
001 0155613
005 20161109111904.1
041 0 |a slo 
044 |a SK 
245 1 0 |a Daňové a odvodové zaťaženie vybraných podnikov v SR  |b bakalárska práca  |c Kamil Parnahaj ; školiteľ: Jana Simonidesová 
264 1 |a Košice  |c 2012 
300 |a 51 s. 
100 1 |a Parnahaj, Kamil 
700 1 |a Simonidesová, Jana, 1968- 
710 2 |a Podnikovohospodárska fakulta EU so sídlom v Košiciach. Katedra účtovníctva a financií